| 000 | 00883nab a2200265 4500 | ||
|---|---|---|---|
| 003 | BR-BrBNA | ||
| 005 | 20250212094632.0 | ||
| 008 | 250212b bl.||||| |||| 00| 0 por d | ||
| 040 |
_aBR-BrBNA _bpor |
||
| 072 | _aE11 ; E20 ; E90 | ||
| 100 | _aAttuch, Leonardo | ||
| 245 |
_aA encruzilhada do MST _bAgroeconomia |
||
| 500 | _a5 illus.; 2 graphs | ||
| 650 | _aPOLÍTICA AGRÁRIA | ||
| 650 | _aREFORMA AGRÁRIA | ||
| 650 | _aPROJETO DE ASSENTAMENTO | ||
| 650 | _aCONFLITOS AGRÁRIOS | ||
| 650 | _aAGRICULTOR SEM TERRA | ||
| 650 | _aAGRICULTURA FAMILIAR | ||
| 650 | _aPROPRIEDADE DA TERRA | ||
| 650 | _aSOCIOLOGIA RURAL | ||
| 773 | 0 |
_01706 _9347427 _dSão Paulo-SP Editora Três Ltda - E-mail: luizfsa@revistadinheiro.com.br 2004 _o2024-8518 _tDinheiro Rural (Brazil) _x1807-3700 _gv. 1(2) p. 34-37; (Dec 2004) _wBR2024004710 |
|
| 942 | _cANA | ||
| 999 |
_c329929 _d329929 |
||